000 00754cab a2200229 4500
001 ABS56293
008 090401t1996 xxu||||| |||| 00| 0 eng d
035 _a(Sirsi) u22608
041 _aeng
100 _aSimpkins, E.
245 _aGood vintage
260 _c1996
350 _a0
490 _aEstates Gazette
_v(9649) 7 December 1996, 80-82(3)
520 _aLooks back at the auction market in 1996, which has thrived due to improvements in the economy and the increased popularity of selling at auction. Includes a review of the Jones Lang Wootton auction results analysis system.
650 _aAUCTION MARKET
650 _aAuctioneering
_96218
650 _aYIELDS
690 _aAuctioneering
_96218
942 _n0
948 _c04/03/1997
999 _c15151
_d15151